000 00202 a2200097 4500
001 8992
100 _aClarke R
245 _aSuccessful Athletics
260 _a
_bPelhan B books
_c
090 _c7179
_d7179
942 _aNUST-CAE
_cM
_c33799
999 _c244065
_d244065